000 00767cam a22002412 4500
001 0000000226
005 20151021151041.0
008 070117s xx 000 0 eng d
020 _a027365161X :
_cKES 2,950
040 _aKABU
_cKABU
050 0 _aHF5635
_b.G53 2001
100 1 _aGlautier, M. W. E.
_@0000148320
245 1 0 _aAccounting :
_btheory and practice /
_cM. W. E. Glautier, B. Underdown.
250 _a7th ed.
260 _aHarlow, England :
_bPrentice Hall,
_c2001.
300 _axiii, 716 p.
650 0 _aAccounting.
_@0000148321
700 1 _aUnderdown, B.
_@0000148322
908 _a070117
950 _@1
999 _c92
_d92